| 000 | 00600nam a2200217Ia 4500 | ||
|---|---|---|---|
| 003 | GCL | ||
| 008 | 140319s9999 xx 000 0 ara d | ||
| 040 |
_aGCL / _cGCL |
||
| 082 | 0 | 4 |
_a801.95 _bا ن |
| 100 | 1 | _aاحمد امين | |
| 245 | 1 | 0 |
_aالنقد الادبى / _cاحمد امين |
| 250 | _aالخامسة | ||
| 260 |
_aالقاهرة : _bمكتبة النهضة المصرية ، _c1983 |
||
| 300 |
_a415 ص ؛ _c25 سم |
||
| 490 | _a | ||
| 650 | 0 | 4 | _aالادب العربى |
| 650 | 0 | 4 | _aالنقد |
| 650 | 0 | 4 | _aالادب |
| 650 | 0 | 4 | _aتاريخ ونقد |
| 942 |
_2ddc _cBK |
||
| 999 |
_c29132 _d29132 |
||